| 000 | 00570nam a22001577a 4500 | ||
|---|---|---|---|
| 003 | OSt | ||
| 005 | 20240315194505.0 | ||
| 008 | 201007b 1999 dr 00| 0 eng d | ||
| 040 |
_aDO-SdBNP _bspa _cBNPHU |
||
| 245 | 0 | 0 |
_aConozca el Congreso y los congresistas, período 1998-2002 / _cprólogo Carlos Despradel |
| 260 |
_aSanto Domingo : _bCentro de Orientación Económica, _c1999. |
||
| 300 |
_a196 p. _c21 cm. |
||
| 505 |
_aEl poder legislativo -- _tSenado de la República -- _tCámara de diputados -- |
||
| 700 | 1 |
_aDespradel, Carlos _d1942- _eprólogo _99280 |
|
| 942 |
_2ddc _cLF1 |
||
| 999 |
_c48830 _d48830 |
||